| 000 | 01011nam a2200229 a 4500 | ||
|---|---|---|---|
| 001 | 44643 | ||
| 003 | BD-RjUL | ||
| 005 | 20211209053908.0 | ||
| 008 | 160718s1974 bg ||||| |||| 00| 0 ben d | ||
| 020 | _c: Tk.10.00 | ||
| 035 | _a(BD-RjUL)44761 | ||
| 040 |
_aBD-RjUL _bben _cBD-RjUL _dBD-RjUL |
||
| 041 | _aben | ||
| 082 |
_223 _a491.4403 _bBAN 1974 |
||
| 245 | 0 | 1 |
_aবাংলাদেশের ব্যবহারিক বাংলা অভিধান : _bস্বরবর্ণ অংশ [অ-ঔ] / _cপ্রধান সম্পাদক, মুহম্মদ এনামুল হক |
| 260 |
_aঢাকা : _bবাংলা একাডেমী, _c১৯৭৪ |
||
| 300 |
_a[১৪], ১৮০ পৃ. ; _c২৫ সেমি. |
||
| 650 |
_aবাংলা ভাষা _vঅভিধান _9136944 |
||
| 650 |
_aBengali language _vDictionaries _9136945 |
||
| 700 |
_aহক, মুহম্মদ এনামুল প্রধান সম্পাদক _9136946 |
||
| 942 |
_2ddc _cREF |
||
| 999 |
_c44643 _d44643 |
||